Shakespeare, Bacon, and the great unknown / (Record no. 18340)
[ view plain ]
| 000 -LEADER | |
|---|---|
| fixed length control field | 00888cam a2200277 4500 |
| 001 - CONTROL NUMBER | |
| control field | 18340 |
| 003 - CONTROL NUMBER IDENTIFIER | |
| rucl marc code | BD-RjUL |
| 005 - DATE AND TIME OF LATEST TRANSACTION | |
| control field | 20211209000254.0 |
| 008 - FIXED-LENGTH DATA ELEMENTS--GENERAL INFORMATION | |
| fixed length control field | 140220r19681912nyuac b 001 0 eng |
| 035 ## - SYSTEM CONTROL NUMBER | |
| System control number | (BD-RjUL)18398 |
| 040 ## - CATALOGING SOURCE | |
| Original cataloging agency | DLC |
| Transcribing agency | DLC |
| Modifying agency | DLC |
| -- | BD-RjUL |
| Language of cataloging | eng |
| 041 ## - LANGUAGE CODE | |
| Language code of text/sound track or separate title | eng |
| 082 00 - DEWEY DECIMAL CLASSIFICATION NUMBER | |
| Classification number | 822.33 |
| Author mark and year | LAS 1968 |
| 100 1# - MAIN ENTRY--PERSONAL NAME | |
| Personal name | Lang, Andrew, |
| Dates associated with a name | 1844-1912. |
| 9 (RLIN) | 19135 |
| 245 10 - TITLE STATEMENT | |
| Title | Shakespeare, Bacon, and the great unknown / |
| Statement of responsibility, etc. | Andrew Lang |
| 250 ## - EDITION STATEMENT | |
| Edition statement | AMS ed. |
| 260 ## - PUBLICATION, DISTRIBUTION, ETC. (IMPRINT) | |
| Place of publication, distribution, etc. | New York : |
| Name of publisher, distributor, etc. | AMS Press, |
| Date of publication, distribution, etc. | 1968. |
| 300 ## - PHYSICAL DESCRIPTION | |
| Pagination | xxviii, 314 p. : |
| Illustrations | illus., port. ; |
| Size | 23 cm. |
| 500 ## - GENERAL NOTE | |
| General note | Reprint of the 1912 ed. |
| 504 ## - BIBLIOGRAPHY, ETC. NOTE | |
| Bibliography, etc | Includes bibliographical footnotes and index. |
| 600 10 - SUBJECT ADDED ENTRY--PERSONAL NAME | |
| Personal name | Shakespeare, William, |
| Dates associated with a name | 1564-1616 |
| General subdivision | Authorship |
| -- | Baconian theory. |
| Personal name | Bacon, Francis, |
| Dates associated with a name | 1561-1626 |
| General subdivision | Authorship. |
| 942 ## - ADDED ENTRY ELEMENTS (KOHA) | |
| Source of classification or shelving scheme | Dewey Decimal Classification |
| Koha item type | Books |
| Lost status | Source of classification or shelving scheme | Damaged status | Not for loan | Collection code | Permanent Location | Current Location | Shelving location | Date acquired | Source of acquisition | Cost, normal purchase price | Total Checkouts | Full call number | Date last seen | Copy number | Koha item type |
|---|---|---|---|---|---|---|---|---|---|---|---|---|---|---|---|
| Dewey Decimal Classification | Not For Loan | Fiction | Central Library, University of Rajshahi | Central Library, University of Rajshahi | Reading Room | 27/01/1971 | Zetlinger | 95.00 | 822.33 LAS 1968 | 20/02/2014 | C-1 | Books |